000 00225nam a22000857a 4500
008 161228b xxu||||| |||| 00| 0 eng d
100 _92211
_aMalhotra.S.etal
245 _aMental Mathamatics-1
260 _aNew Delhi
_bFrank Book
_c2011
999 _c5099
_d5099